| 000 | 01006 a2200181 4500 | ||
|---|---|---|---|
| 001 | 143726 | ||
| 040 | _cLeonardo Da Vinci | ||
| 041 | _aPortuguês | ||
| 082 |
_a378.155 E26 _bE26 |
||
| 245 |
_aA EDUCAÇÃO brasileira no limiar do novo século _bArtigos extraídos de simpósios promovidos pelo Centro de Integração Empresa-Escola - CIEE em parceria com o jornal O Estado de São Paulo |
||
| 260 |
_bCIEE _c1998 _aSão Paulo |
||
| 300 | _a79 | ||
| 362 | _a19981015 | ||
| 490 |
_vv. 19 _aColeção CIEE |
||
| 500 | _aSimpósio aconteceu no dia 15 de Outubro de 1998 | ||
| 697 |
_aEducação no Brasil _aUniversidade _aCelso Pitta _aAntio Manuel dos Santos Silva _aRoberto Leal Lobo e Silva Filho _aHermano de Medeiros Ferreira Tavares _aWilson de Medeiros Ferreira Tavares _aEuclide Carvalho Fernandez _aArnaldo Niskier _aRuy Mesquita Filho _aAntônio Jacinto Caleiro Palma _aJoão de Scantimburgo _aMiguel Reale _aSidneu _aSanches _aEducação universitária _aEnsino universitário _aSociedade _aFIPEN |
||
| 942 | _cBK | ||
| 999 |
_c143726 _d143726 |
||